[Event "Graz op"]
[Site "Graz"]
[Date "1995.??.??"]
[Round "3"]
[White "Kummer, Helmut"]
[Black "Vodep, Otto"]
[Result "1/2-1/2"]
[WhiteElo "2320"]
[BlackElo "2200"]

1.d4 f5 2.g3 Nf6 3.Bg2 g6 4.c4 Bg7 5.Nf3 O-O 6.O-O d6 7.Nc3 Nc6 8.d5 Ne5
9.Nxe5 dxe5 10.c5 h6 11.Qb3 Kh8 12.Rd1 a6 13.a4 g5 14.a5 f4 15.Ra4 Qe8 16.Ne4 Qh5
17.Nxf6 Rxf6 18.Qc4 Bg4 19.f3 Bd7 20.Ra3 Qg6 21.b4 Bb5 22.Qa2 h5 23.Bb2 Rf7
24.Qa1 e4 25.Bxg7+ Qxg7 26.fxe4 Bxe2 27.Rd2 f3 28.Bf1 Raf8 29.Qxg7+ Kxg7
30.Bxe2 fxe2 31.Rxe2 Rf1+ 32.Kg2 Rb1 33.Rf3  1/2-1/2

[Event "Graz op"]
[Site "Graz"]
[Date "1995.??.??"]
[Round "8"]
[White "Nickl, Klaus"]
[Black "Danner, Georg"]
[Result "0-1"]
[WhiteElo "2185"]
[BlackElo "2415"]

1.d4 g6 2.Nf3 Bg7 3.g3 f5 4.Bg2 Nf6 5.O-O O-O 6.c4 d6 7.Nc3 Nc6 8.b3 Ne4
9.Bb2 Nxc3 10.Bxc3 Qe8 11.Qd2 e5 12.d5 Nd8 13.e3 Nf7 14.Ne1 e4 15.Bxg7 Kxg7
16.f4 c5 17.dxc6 bxc6 18.c5 d5 19.Nc2 Nd8 20.Rfc1 Ne6 21.Bf1 Qe7 22.b4 a5
23.Qc3+ Qf6 24.Qxf6+ Kxf6 25.a3 Rf7 26.Rab1 axb4 27.axb4 Ba6 28.Bxa6 Rxa6
29.b5 cxb5 30.Nb4 Ra3 31.Nxd5+ Kg7 32.Rxb5 Nc7 33.Nxc7 Rxc7 34.c6 Rxe3 35.Rb7 Rxb7
36.cxb7 Rb3 37.Rc7+ Kf6 38.Rxh7 Rb2 39.h4 Ke6 40.Rg7 Kd5 41.Rxg6 e3 42.Rg7 Ke4
43.Rc7 Kf3 44.h5 Kxg3 45.Rg7+ Kf3 46.Rc7 Rb1+ 47.Kh2 e2 48.Rc3+ Kf2 49.Rc2 Rxb7
50.Kh3 Kf3 51.Rc1 Re7 52.Re1 Kxf4 53.Kh4 Re6  0-1

[Event "Groningen op"]
[Site "Groningen"]
[Date "1995.??.??"]
[Round "?"]
[White "Kohlweyer, Bernd"]
[Black "Mainka, Romuald"]
[Result "0-1"]
[WhiteElo "2420"]
[BlackElo "2530"]

1.d4 f5 2.g3 Nf6 3.Bg2 g6 4.Nf3 Bg7 5.O-O O-O 6.c4 d6 7.Nc3 Qe8 8.d5 a5 9.Be3 h6
10.h4 Na6 11.Qd2 Kh7 12.Rae1 c5 13.Bf4 Nh5 14.e4 fxe4 15.Nxe4 Qd8 16.Be3 Bf5
17.Nh2 Qc8 18.Re2 a4 19.Rfe1 Nc7 20.Nxc5 dxc5 21.Bxc5 Nxd5 22.Bd4 Ndf6 23.Rxe7 Qxc4
24.Rc1 Qxa2 25.g4 Rae8 26.Rxb7 Be4 27.Bxe4 Nxe4 28.gxh5 Rf7 29.hxg6+ Kxg6
30.Rc6+ Kh7 31.Bxg7 Nxd2  0-1

[Event "Gyongyos op "]
[Site "Gyongyos"]
[Date "1995.??.??"]
[Round "?"]
[White "Kovacs, Tamas"]
[Black "Karacsony, Attila"]
[Result "1/2-1/2"]
[WhiteElo "2160"]
[BlackElo "2225"]

1.d4 f5 2.g3 Nf6 3.Bg2 g6 4.Nf3 Bg7 5.O-O O-O 6.c4 d6 7.Nc3 Nc6 8.e4 Nxe4
9.Nxe4 fxe4 10.Ng5 Nxd4 11.Bxe4 h6 12.Be3 hxg5 13.Bxd4 e5 14.Be3 Bf5 15.Bxb7 Rb8
16.Bxa7 Rxb7 17.Qd5+ Kh7 18.Qxb7 c5 19.Rad1 Bg4 20.f3 Bh3 21.Rf2 Qf6 22.Qe4 g4
23.Rd3 Qe7 24.Bb6 gxf3 25.Rdxf3 Rxf3 26.Rxf3 Qg5 27.Qh4+ Qxh4 28.gxh4 Bf5
29.Bc7 e4 30.Re3 Bxb2 31.Bxd6 Bd4 32.Kf2 Be6 33.a3 Bxc4 34.Bf4 Bb5 35.Ke1 Bxe3
36.Bxe3 c4 37.Kd2 Kg7 38.Bg5 Kf7 39.Ke3 Bc6 40.Kd4 Ke6 41.Kxc4 Kd7 42.Kd4 e3
43.Bxe3 Kc8 44.Ke5 Kb7 45.Kf4 Ba4 46.Bd4 Bc2  1/2-1/2

[Event "Wch U20 Girls"]
[Site "Halle"]
[Date "1995.??.??"]
[Round "7"]
[White "Kiseleva, Natalia"]
[Black "Hoang Than Trang"]
[Result "1-0"]
[WhiteElo "2260"]
[BlackElo "2405"]

1.d4 f5 2.g3 Nf6 3.Bg2 g6 4.Nf3 Bg7 5.O-O O-O 6.c4 d6 7.Nc3 Qe8 8.d5 Na6
9.Rb1 Bd7 10.b4 c6 11.dxc6 Bxc6 12.b5 Bxf3 13.Bxf3 Nc5 14.Be3 Rc8 15.Bxc5 Rxc5
16.Bxb7 Rxc4 17.Nd5 Rc5 18.Qb3 e6 19.Nxf6+ Bxf6 20.Rfc1 Rxc1+ 21.Rxc1 Bd4
22.Rc7 g5 23.Bc8 Rf6 24.Bd7 Qe7 25.Rb7 d5 26.e3 Bb6 27.Qc3 Rf7 28.Qe5 Qf6
29.Qxe6 Kg7 30.Qxd5 f4 31.exf4 gxf4 32.Bf5 Bc7 33.Rxa7 Qc3 34.b6 f3 35.Bh3 Qe1+
36.Bf1 Qxf2+ 37.Kxf2 Bxb6+ 38.Ke1 Bxa7 39.Qg5+ Kf8 40.Qd8+ Kg7 41.Bc4 f2+
42.Kf1 Rb7 43.Qg5+  1-0

[Event "Wch U20"]
[Site "Halle"]
[Date "1995.??.??"]
[Round "13"]
[White "Pedro, Aderito"]
[Black "Gabriel, Christian"]
[Result "0-1"]
[WhiteElo "2195"]
[BlackElo "2475"]

1.d4 g6 2.Nf3 f5 3.c4 Bg7 4.g3 Nf6 5.Bg2 O-O 6.O-O d6 7.Nc3 Qe8 8.Nd5 Nxd5
9.cxd5 Qb5 10.a4 Qxd5 11.Qc2 c6 12.Rd1 Qf7 13.b4 h6 14.Bb2 Be6 15.Ra3 Nd7
16.Ne1 Nb6 17.Ba1 Rac8 18.e4 fxe4 19.Bxe4 Bf5 20.Rf3 Qe6 21.Bxf5 Rxf5 22.Rxf5 Qxf5
23.Qe2 Rf8 24.Nd3 Qf3 25.Qc2 Nd5 26.Re1 Kh7 27.Bb2 h5 28.h4 Qg4 29.Qe2 Qxe2
30.Rxe2 Rf3 31.Rd2 Nb6 32.Kg2 Rf7 33.a5 Nc4 34.Rd1 Nxb2 35.Nxb2 c5 36.bxc5 dxc5
37.dxc5 Bxb2 38.Rd7 Ba3 39.Rxb7 a6 40.f4 Kg7  0-1

[Event "Wichern op"]
[Site "Hamburg"]
[Date "1995.??.??"]
[Round "4"]
[White "Blees, Albert"]
[Black "Kindermann, Stefan"]
[Result "0-1"]
[WhiteElo "2420"]
[BlackElo "2565"]

1.Nf3 f5 2.d4 Nf6 3.g3 g6 4.Bg2 Bg7 5.O-O O-O 6.c4 d6 7.Nc3 Qe8 8.d5 Na6
9.Rb1 Bd7 10.b4 c6 11.dxc6 bxc6 12.b5 cxb5 13.cxb5 Nc5 14.Nd4 Nfe4 15.Nxe4 Nxe4
16.Rb4 Rc8 17.Bb2 e5 18.Nb3 Qf7 19.f3 Nc3 20.Bxc3 Rxc3 21.Qxd6 Rfc8 22.Qa6 Bf8
23.Ra4 Qe8 24.Qf6 Bxb5 25.Ra5 a6 26.Rd1 Bg7 27.Qd6 Bxe2 28.Re1 Bb5 29.a4 Bc4
30.Nc5 Qd8 31.Nb7 Qg5 32.Rc5 Rxc5 33.f4 Qf6 34.Qxc5 e4 35.Rd1 Bd3 36.Qd5+ Qf7
37.Qd8+ Qf8 38.Qb6 Qc8 39.Kh1 Rc1 40.Bf3 exf3 41.Qb3+ Qc4 42.Qxc4+ Rxc4  0-1

[Event "Hastings Masters"]
[Site "Hastings"]
[Date "1995.??.??"]
[Round "2"]
[White "Lewis, Andrew P"]
[Black "Vianin, Pascal"]
[Result "0-1"]
[WhiteElo "2335"]
[BlackElo "2185"]

1.c4 f5 2.Nf3 Nf6 3.g3 g6 4.Bg2 Bg7 5.O-O O-O 6.d4 d6 7.Nc3 Qe8 8.d5 Na6
9.Rb1 Bd7 10.b3 Nc5 11.Bb2 a5 12.e3 h6 13.Nd4 g5 14.f4 g4 15.Qc2 Qg6 16.a3 Nfe4
17.Nde2 Nf6 18.b4 axb4 19.axb4 Na4 20.Nxa4 Rxa4 21.Qb3 Rfa8 22.Nc3 R4a7 23.Ra1 Qe8
24.Rxa7 Rxa7 25.e4 Nxe4 26.Nxe4 Bxb2 27.Qxb2 fxe4 28.f5 Qf7 29.f6 Ra8 30.Bxe4 Rf8
31.Qd2 exf6 32.Qxh6 Qg7 33.Qf4 f5 34.Bg2 Re8 35.c5 Qf6 36.c6 bxc6 37.dxc6 Bc8
38.Bd5+ Kg7 39.Bg2 Re5 40.h3 Ba6 41.Rf2 Qg6 42.h4 Qf6 43.Ra2 Bd3 44.Ra7 Re7
45.Rb7 Be4 46.Bxe4 Rxe4 47.Rxc7+ Kf8 48.Qd2 f4 49.Rc8+ Ke7 50.Rc7+ Ke6 51.gxf4 Rxf4
52.Qe3+ Kd5 53.Ra7 Kxc6 54.Ra6+ Kd7 55.Ra7+ Kc6 56.Qc1+ Kb6 57.Qc7+ Kb5 58.Rb7+ Ka4
59.Qc2+ Ka3 60.Ra7+  0-1

[Event "Helsinki-ch"]
[Site "Helsinki"]
[Date "1995.??.??"]
[Round "?"]
[White "Niemela, Antti"]
[Black "Koskinen, Henri"]
[Result "1-0"]
[WhiteElo "2190"]
[BlackElo "2260"]

1.d4 f5 2.Nf3 Nf6 3.g3 g6 4.Bg2 Bg7 5.O-O O-O 6.c4 d6 7.Nc3 Nc6 8.d5 Na5
9.Qa4 c5 10.dxc6 bxc6 11.c5 Bd7 12.cxd6 exd6 13.Bf4 d5 14.Ne5 Be8 15.b4 Ng4
16.Nxg4 fxg4 17.Qc2 Nc4 18.Rad1 Bf7 19.b5 Qa5 20.Rd3 Na3 21.Qb3 d4 22.Qa4 Nc4
23.Qxa5 Nxa5 24.Ne4 cxb5 25.Ng5 Rac8 26.Nxf7 Kxf7 27.Ra3 Nc6 28.Ra6 Ne7 29.Rxa7 Bf6
30.Bd5+ Kg7 31.Rb1 Rc5 32.Bb3 Rd8 33.Kg2 g5 34.Rc1 Rxc1 35.Bxc1 Kg6 36.Rb7 Rc8
37.Ba3 Nc6 38.Rxb5 Rc7 39.Bd6 Rd7 40.Bc5 Ne5 41.Rb6 d3 42.exd3 Nf3 43.Be6 Rc7
44.Bd6 Ne1+ 45.Kf1 Rc1 46.Bxg4 Nxd3+ 47.Ke2 Nxf2 48.Bf3 Rc2+ 49.Ke3 Rc3+
50.Ke2 Rc2+ 51.Ke1 Rc1+ 52.Kd2 Rc3 53.Be7 Rxf3 54.Ke2 g4 55.Rxf6+ Rxf6 56.Bxf6 Ne4
57.Bd4 Kf5 58.Kd3 Nd6 59.a4 Ke6 60.a5  1-0

[Event "Helsinki MatSK op"]
[Site "Helsinki"]
[Date "1995.??.??"]
[Round "?"]
[White "Niemela, Antti"]
[Black "Paasikangas, Johanna"]
[Result "1-0"]
[WhiteElo "2190"]
[BlackElo "2140"]

1.d4 f5 2.Nf3 g6 3.g3 Bg7 4.Bg2 Nf6 5.O-O O-O 6.c4 d6 7.Nc3 Nc6 8.d5 Na5
9.Qa4 c5 10.dxc6 bxc6 11.c5 d5 12.Ne5 Bd7 13.Nxd7 Nxd7 14.Nxd5 e6 15.Nf4 Nxc5
16.Qa3 Nab7 17.Be3 e5 18.Bxc6 exf4 19.Bxc5 Nxc5 20.Bxa8 fxg3 21.hxg3 Qxa8
22.Qxc5 f4 23.Rad1 Qb8 24.g4 Qxb2 25.Qc4+ Kh8 26.Rd7 Qf6 27.Rxa7 Qh4 28.Qe6 Rf5
29.Qc8+ Bf8 30.Qc3+ Rf6 31.Qf3 h5 32.Rc1 Qg5 33.Rcc7 Kg8 34.Qb3+  1-0

[Event "Hlohovec op"]
[Site "Hlohovec"]
[Date "1995.??.??"]
[Round "?"]
[White "Kolesar, Milan"]
[Black "Shemeakin, Alexander"]
[Result "1-0"]
[WhiteElo "2255"]
[BlackElo "2240"]

1.c4 f5 2.Nf3 Nf6 3.g3 g6 4.Bg2 Bg7 5.O-O O-O 6.d4 d6 7.Nc3 Qe8 8.b3 Na6
9.Ba3 h6 10.Qd3 g5 11.Rad1 c6 12.Rfe1 Qg6 13.e3 Ne4 14.Nd2 Nxc3 15.Qxc3 Rf7
16.Qd3 Nc7 17.d5 c5 18.f4 Bd7 19.Rf1 Raf8 20.b4 cxb4 21.Bxb4 Na6 22.Rb1 g4
23.Qa3 Bc8 24.c5 dxc5 25.Bxc5 Nxc5 26.Qxc5 Qa6 27.Qc4 Rf6 28.Rfc1 Rd8 29.Qc7 Qd6
30.Qa5 Qd7 31.Rc7 Qe8 32.Qc5 Bf8 33.Rc1 b6 34.Qc4 Bd7 35.e4 Bb5 36.Qb3 Ba4
37.Qc3 fxe4 38.Nxe4 Rf7 39.Rxa7 Bg7 40.Qb4 b5 41.Rcc7 Rc8 42.d6 Rxc7 43.dxc7 Qd7
44.Nd6 exd6 45.Bd5 Bf8 46.Qe4 Kh8 47.Bxf7 Qxf7 48.Qd4+ Kg8  1-0

[Event "Hofheim MVT"]
[Site "Hofheim"]
[Date "1995.??.??"]
[Round "8"]
[White "Lisanti, Andre"]
[Black "Lutz, Klaus Juergen"]
[Result "1/2-1/2"]
[WhiteElo "2305"]
[BlackElo "2310"]

1.d4 f5 2.Nf3 Nf6 3.g3 g6 4.Bg2 Bg7 5.O-O O-O 6.c4 d6 7.Qc2 c6 8.Nc3 Qc7
9.c5 dxc5 10.Bf4 Qa5 11.Qb3+ Kh8 12.e3  1/2-1/2

[Event "HUN-chT1"]
[Site "HUN"]
[Date "1995.??.??"]
[Round "?"]
[White "Priehoda, Vitezslav"]
[Black "Dao Thien Hai"]
[Result "0-1"]
[WhiteElo "2400"]
[BlackElo "2480"]

1.d4 f5 2.Nf3 Nf6 3.g3 g6 4.Bg2 Bg7 5.O-O O-O 6.c4 d6 7.Nc3 Qe8 8.d5 Na6
9.Rb1 c6 10.dxc6 bxc6 11.b4 Rb8 12.a3 Bd7 13.Bb2 Nc7 14.Ba1 Ne6 15.e3 h6
16.Nd4 Nd8 17.Nb3 a6 18.Qe2 e5 19.e4 f4 20.c5 dxc5 21.Nxc5 Ne6 22.N3a4 Ng5
23.h4 Nh3+ 24.Kh1 Bc8 25.Nxa6 Rb7 26.b5 Rbf7 27.b6 Nh5 28.b7 Nxf2+ 29.Qxf2 Nxg3+
30.Kg1 Bxb7 31.N6c5 Bc8 32.Nb6 Bg4 33.Nc4 Qe7 34.Rfe1 f3 35.Qxg3 f2+ 36.Kh2 fxe1=Q
37.Rxe1 Qxc5 38.Qxg4 Qxc4 39.Qxg6 Qc5 40.Rg1 Kh8 41.Qg3 Rf4 42.Bf3 Qe7 43.Qxg7+ Qxg7
44.Rxg7 Kxg7 45.Bxe5+ R4f6 46.Kg3 c5 47.a4 Kg6 48.Bxf6 Kxf6 49.Kf4 Ke6+ 50.Ke3 Ke5
51.Be2 Rf4 52.Bf3 Rxh4 53.a5 Rh2  0-1

[Event "HUN-chT1"]
[Site "HUN"]
[Date "1995.??.??"]
[Round "?"]
[White "Gerencer, Jozef"]
[Black "Karacsony, Attila"]
[Result "1/2-1/2"]
[WhiteElo "2210"]
[BlackElo "2255"]

1.d4 f5 2.Nf3 Nf6 3.g3 g6 4.Bg2 Bg7 5.O-O O-O 6.c4 d6 7.b3 e5 8.dxe5 dxe5
9.Bb2 e4 10.Ng5 Nc6 11.Nc3 h6 12.Nh3 g5 13.Nb5 Rf7 14.Qxd8+ Nxd8 15.Rfd1  1/2-1/2

[Event "HUN-chT1"]
[Site "HUN"]
[Date "1995.??.??"]
[Round "?"]
[White "Czuczai, Jeno"]
[Black "Forgacs, Jozsef"]
[Result "0-1"]
[WhiteElo "2255"]
[BlackElo "2300"]

1.Nf3 g6 2.g3 Bg7 3.d4 f5 4.c4 Nf6 5.Bg2 O-O 6.O-O c6 7.Nc3 Ne4 8.Qb3 Nxc3
9.bxc3 Kh8 10.Bf4 d6 11.Rad1 Qe8 12.d5 Na6 13.Be3 c5 14.Rfe1 Nc7 15.Bf4 b5
16.cxb5 Qxb5 17.c4 Qxb3 18.axb3 h6 19.h4 Kh7 20.Rd3 Bf6 21.Bd2 Rb8 22.Ba5 Na6
23.Nd2 Nb4 24.Bxb4 Rxb4 25.f4 a5 26.Rc1 Bd7 27.Rc2 a4 28.bxa4 Rxa4 29.Rb3 Ra1+
30.Rb1 Rxb1+ 31.Nxb1 Ba4 32.Rc1 Rb8 33.e4 Rb2 34.exf5 gxf5 35.Nc3 Bc2 36.Nb5 Bd3
37.Bf1 Be4 38.Re1 Kg6 39.Re2 Rb1 40.Rd2 Rb3 41.Kh2 Bb2 42.Rd1 Re3 43.Rd2 Re1
44.Bg2 Bc1 45.Ra2 Bd3 46.Nc7 Re2 47.Rxe2 Bxe2 48.Na8 Bxc4 49.Bf3 Bd3 50.Kg2 Be3
51.Nc7 c4 52.Nb5 Bd2 53.Bd1 c3 54.Nd4 Be4+ 55.Kf2 Bxd5 56.Ke2 Bc4+ 57.Kf2 Kf6
58.Bc2 e6 59.Nf3 Bc1 60.Nd4 Ba3 61.Nf3 Bc5+ 62.Ke1 e5 63.fxe5+ dxe5 64.Nh2 e4
65.g4 Bd3 66.Bb3 c2 67.Bxc2 Bxc2 68.gxf5 Kxf5 69.Kf1 Bd6 70.Kg2 Bxh2 71.Kxh2 Kg4
72.Kg2 Kxh4 73.Kh2 e3 74.Kg2 Be4+ 75.Kf1 Bf3 76.Ke1 Kg3 77.Kf1 e2+ 78.Ke1  0-1

[Event "HUN-chT1"]
[Site "HUN"]
[Date "1995.??.??"]
[Round "?"]
[White "Molnar, Emil"]
[Black "Horvath, Julia"]
[Result "0-1"]
[WhiteElo "2200"]
[BlackElo "2270"]

1.d4 f5 2.c4 Nf6 3.Nf3 g6 4.g3 Bg7 5.Bg2 O-O 6.O-O d6 7.Nc3 Nc6 8.d5 Ne5
9.Nxe5 dxe5 10.e4 f4 11.gxf4 exf4 12.Bxf4 Nxe4 13.Be3 Nxc3 14.bxc3 Bxc3 15.Rb1 Be5
16.f4 Bf6 17.Be4 b6 18.Qc2 Qe8 19.Kh1 e6 20.Rg1 exd5 21.cxd5 Kh8 22.Rbe1 Bb7
23.Bc1 Qf7 24.Bb2 Bxb2 25.Qxb2+ Qf6 26.Qxf6+ Rxf6 27.Rc1 Rf7 28.Rc3 Rd8 29.Rgc1 Bxd5
30.Bxd5 Rxd5 31.Rxc7 Rxc7 32.Rxc7 Rd1+ 33.Kg2 Rd2+ 34.Kg3 Rxa2 35.Kg4 Ra5
36.f5 Rxf5 37.Rxa7 Rb5 38.Rb7 h6 39.h4 Kg8 40.Kf4 Kf8 41.Kg4 Rb4+ 42.Kg3 h5
43.Kf3 Rxh4 44.Rxb6 Kg7 45.Rb7+ Kh6 46.Kg3 Ra4 47.Rb5 h4+ 48.Kh3 g5 49.Rb8 Ra3+
50.Kh2 Kh5 51.Rb4 h3 52.Rc4 g4 53.Rc8 Ra2+ 54.Kg3 Rg2+ 55.Kf4 h2  0-1

[Event "HUN-chT1"]
[Site "HUN"]
[Date "1995.??.??"]
[Round "?"]
[White "Certek, Pavel"]
[Black "Horvath, Julia"]
[Result "1-0"]
[WhiteElo "2285"]
[BlackElo "2270"]

1.d4 f5 2.Nf3 Nf6 3.g3 g6 4.Bg2 Bg7 5.O-O O-O 6.c4 d6 7.Nc3 Nc6 8.d5 Ne5
9.Nxe5 dxe5 10.Qb3 Kh8 11.c5 a6 12.Rd1 Rb8 13.Qa3 Qe8 14.d6 exd6 15.cxd6 cxd6
16.Qxd6 Bd7 17.Be3 Bc6 18.Bxc6 bxc6 19.b3 f4 20.Bc5 g5 21.f3 e4 22.Qe7 fxg3
23.hxg3 Qh5 24.Nxe4 Rbe8 25.Nxf6 Bxf6 26.Qd6 g4 27.Bd4 Qg6 28.f4 Kg8 29.e3 Bxd4
30.Qxd4 Re4 31.Qc3 Rfe8 32.Rd3 Qe6 33.Kf2 Qh6 34.Rg1 Qh2+ 35.Rg2 Qh1 36.Qxc6 Qb1
37.Qd5+ Kh8 38.Rh2 Qxa2+ 39.Rd2 Qa1 40.Qf7 Qg7 41.Qxg7+ Kxg7 42.Rd7+ R8e7
43.Rxe7+ Rxe7 44.Rh4 Rb7 45.Rxg4+ Kf7 46.Rg5 Rxb3 47.Rh5 Kg6 48.Rc5 Rb6 49.g4 h6
50.Kf3 Rd6 51.Rc7 Rb6 52.f5+ Kf6 53.Kf4 a5 54.e4 Rb4 55.Rh7 a4 56.Rxh6+ Kg7
57.Ra6 Rc4 58.Ra7+  1-0

[Event "HUN-chT1"]
[Site "HUN"]
[Date "1995.??.??"]
[Round "?"]
[White "Balogh, Bela"]
[Black "Vegh, Endre"]
[Result "1/2-1/2"]
[WhiteElo "2225"]
[BlackElo "2345"]

1.d4 f5 2.Nf3 Nf6 3.g3 g6 4.Bg2 Bg7 5.O-O O-O 6.c4 d6 7.d5 Qe8 8.Nc3 a5 9.Bf4 h6
10.h4 Nh5 11.Qd2 Nxf4 12.Qxf4 Na6 13.Rad1 Bd7 14.Nd4 c6 15.Bf3 Kh7 16.Kg2 Nc7
17.Qd2 c5 18.Nc2 b5 19.cxb5 Bxb5 20.Rfe1 Qf7 21.e3 Bd7 22.Na3 Rfb8 23.Nc4 Rb4
24.Be2 a4 25.a3 Rb3 26.Bf3 Rab8 27.Rc1 Bb5 28.Nxb5 R3xb5 29.Rc2 Na8 30.e4 Nb6  1/2-1/2

[Event "HUN-chT1"]
[Site "HUN"]
[Date "1995.??.??"]
[Round "?"]
[White "Lengyel, Ferenc"]
[Black "Horvath, Julia"]
[Result "1-0"]
[WhiteElo "2315"]
[BlackElo "2270"]

1.d4 f5 2.c4 Nf6 3.Nf3 g6 4.g3 Bg7 5.Bg2 O-O 6.O-O d6 7.Nc3 Nc6 8.d5 Ne5
9.Nxe5 dxe5 10.e4 f4 11.f3 g5 12.g4 h5 13.h3 hxg4 14.hxg4 Kf7 15.Kf2 Rh8
16.Bd2 c6 17.Qb3 Rh2 18.Rh1 Qh8 19.Rxh2 Qxh2 20.Ne2 Qh4+ 21.Kg1 c5 22.Be1 Qh6
23.Bf2 b6 24.Qc3 Bd7 25.Rd1 Ne8 26.a3 Nd6 27.b4 Nb7 28.Nc1 Rc8 29.Qb3 Qd6
30.Nd3 a5 31.bxc5 Nxc5 32.Nxc5 bxc5 33.Rb1 a4 34.Qb7 Rc7 35.Qb8 Rc8 36.Qa7 Rc7
37.Qa5 Rc8 38.Bf1 Bf6 39.Rb7 Ke8 40.Be2 e6 41.Rb6 Qe7 42.Qa6 Rd8 43.Rb7 exd5
44.cxd5 Kf8 45.Qa7 Qe8 46.Bxc5+ Kg8 47.Qb6 Bg7 48.Bb4 Rc8 49.Qa7 Ra8 50.Qc5 Rc8
51.Qe7 Qxe7 52.Bxe7 Rc2 53.Kf1 Bc8 54.Ra7 Bf8 55.Bxf8 Kxf8 56.d6 Be6 57.Re7 Bc4
58.Bxc4 Rxc4 59.Rxe5 Rc3 60.d7  1-0

[Event "HUN-chT1"]
[Site "HUN"]
[Date "1995.??.??"]
[Round "?"]
[White "Krutti, Valer"]
[Black "Forgacs, Jozsef"]
[Result "1-0"]
[WhiteElo "2415"]
[BlackElo "2300"]

1.d4 g6 2.c4 f5 3.g3 Nf6 4.Bg2 Bg7 5.Nf3 O-O 6.O-O c6 7.Nc3 Ne4 8.Qd3 Nxc3
9.Qxc3 d6 10.b4 Qe8 11.Bb2 Nd7 12.Rad1 Nb6 13.Qc2 d5 14.Nd2 f4 15.c5 Nd7
16.b5 g5 17.e4 Nf6 18.bxc6 bxc6 19.Rfe1 Bg4 20.f3 Bh5 21.e5 Nd7 22.g4 Bg6
23.Qa4 Qc8 24.Bf1 a5 25.Bc3 h5 26.h3 e6 27.Nb3 hxg4 28.hxg4 Rf7 29.Rd2 Bf8
30.Rh2 Nb8 31.Rb2 Be7 32.Nc1 Bd8 33.Nd3 Nd7 34.Reb1 Nf8 35.Qd1 a4 36.Qc2 Rh7
37.a3 Be8 38.Be1 Ng6 39.Rb4 Ba5 40.Rxa4 Bxe1 41.Nxe1 Nh4 42.Rb6 Rha7 43.Rxa7 Rxa7
44.Qb3 Kf8 45.Qb4 Qc7 46.a4 Qh7 47.a5 Ng6 48.Rb8 Re7 49.Bd3 Qh6 50.Qb1 Nh4
51.a6 Nf5 52.Bxf5 exf5 53.Qxf5+ Rf7 54.a7  1-0

[Event "HUN-chT1"]
[Site "HUN"]
[Date "1995.??.??"]
[Round "?"]
[White "Mate, Laszlo"]
[Black "Szabo, Zsolt"]
[Result "1/2-1/2"]
[WhiteElo "2345"]
[BlackElo "2350"]

1.c4 f5 2.d4 Nf6 3.g3 g6 4.Bg2 Bg7 5.Nf3 O-O 6.O-O d6 7.Nc3 Qe8 8.d5 Na6
9.Nd4 Bd7 10.b3 c5 11.dxc6 bxc6 12.Bb2 Rb8 13.Qd2 Nc5 14.e3 Nfe4 15.Nxe4 Nxe4
16.Qc2 Qf7 17.Rad1 c5 18.f3 cxd4 19.fxe4 dxe3 20.Bxg7 Qxg7 21.Qe2 fxe4 22.Qxe3 Bc6
23.Bxe4 Bxe4 24.Qxe4 Rbe8 25.Rde1 Rf6 26.Rxf6 Qxf6 27.Rf1 Qg7 28.Qd5+ Kh8
29.Kg2 a6 30.Qc6 Rf8 31.Rxf8+ Qxf8 32.Qxa6 Qf5 33.Qa8+ Kg7 34.Qf3 Qc2+ 35.Qf2 Qe4+
36.Qf3 Qd4 37.Qe2 e5 38.h4 e4 39.h5 gxh5 40.Kf1 Kg6 41.a4 Kg5 42.a5 e3 43.a6 h4
44.gxh4+ Kxh4 45.Qh2+ Kg4 46.Qg2+ Kf4 47.Qh2+ Kg4 48.Qg2+ Kf4 49.Qh2+ Kg4
50.Qg2+ Kf4  1/2-1/2

[Event "HUN-chT2 9495"]
[Site "HUN"]
[Date "1995.??.??"]
[Round "?"]
[White "Emodi, Barnabas"]
[Black "Haag, Ervin"]
[Result "1/2-1/2"]
[WhiteElo "2280"]
[BlackElo "2355"]

1.d4 f5 2.g3 Nf6 3.Bg2 g6 4.Nf3 Bg7 5.O-O O-O 6.c4 d6 7.Nc3 Nc6 8.d5 Na5
9.Qd3 c5 10.Bd2 a6 11.Rae1 Rb8 12.b3 b5 13.cxb5 axb5 14.Nxb5 Ba6 15.a4 Ne4
16.Ng5 Nxg5 17.Bxg5 Qd7 18.Rb1  1/2-1/2

[Event "HUN-chT2 9495"]
[Site "HUN"]
[Date "1995.??.??"]
[Round "?"]
[White "Kovacs, Janos"]
[Black "Petro, Janos"]
[Result "1/2-1/2"]
[WhiteElo "2180"]
[BlackElo "2120"]

1.d4 f5 2.Nf3 Nf6 3.g3 g6 4.Bg2 Bg7 5.O-O O-O 6.c4 d6 7.Nc3 Qe8 8.d5 Na6
9.Nd4 Bd7 10.e4 fxe4 11.Nxe4 Nxe4 12.Bxe4 Nc5 13.Bg2 Kh8 14.b4 Na6 15.a3 c5
16.dxc6 bxc6 17.b5 cxb5 18.cxb5 Nc5 19.Bxa8 Qxa8 20.Re1 Qd5 21.Bb2 Bh3 22.f3 e5
23.Nc6 Qc4 24.Qe2 Qb3 25.Rad1 Na4 26.Ba1 Qxa3 27.Qe3 Qa2 28.Re2 Qe6 29.Red2 Nb6
30.Rxd6 Nc4 31.Rxe6 Nxe3 32.Re1 Bxe6 33.Rxe3 Rf7 34.Nd8 Rd7 35.Nxe6 Rd1+
36.Kg2 Rxa1 37.Nxg7 Kxg7 38.Rxe5 Kf6 39.Rc5 Rb1 40.f4 h5 41.Kf3 Rb4 42.Ke3 Rb2
43.Ke4 Re2+ 44.Kd5 Rxh2 45.Kc6 Rg2  1/2-1/2

[Event "HUN-chT2 9495"]
[Site "HUN"]
[Date "1995.??.??"]
[Round "?"]
[White "Kovacs, Elod"]
[Black "Petro, Janos"]
[Result "1/2-1/2"]
[WhiteElo "2245"]
[BlackElo "2120"]

1.d4 f5 2.c4 Nf6 3.g3 g6 4.Bg2 Bg7 5.Nf3 O-O 6.O-O d6 7.Nc3 Qe8 8.d5 Na6
9.Rb1 Bd7 10.b4 c6 11.dxc6 bxc6 12.a3 Rd8 13.Qa4 Nc7 14.Ng5 a6 15.Qa5 Rc8
16.Na4 h6 17.Nf3 Ne4 18.Bb2 Be6 19.Bxg7 Kxg7 20.Rbc1 Qf7 21.Nd4 Nd2 22.Nb6 Bxc4
23.Rfd1 Nb3 24.Nxb3 Bxb3 25.Rd3 Rcd8 26.e3 Bd5 27.Nxd5 Nxd5 28.Rxc6 Nf6 29.Qxa6 Qa2
30.Qc4 Qb1+ 31.Bf1 Ng4 32.Qc2 Qxc2 33.Rxc2 Ra8 34.Bg2 Ra7 35.Rdc3 Rd8 36.h3 Ne5
37.Kf1 Kf6 38.Ke2 Nd7 39.Bc6 Nb6 40.Kd2 Na4 41.Bxa4 Rxa4 42.Kc1 Rda8 43.Kb2 Ke5
44.Rb3 Ke4 45.b5 R4a7 46.b6 Rb7 47.Rc4+ Kd5 48.Rcb4 Ra6 49.h4 e5  1/2-1/2

[Event "Papp Bela mem"]
[Site "HUN"]
[Date "1995.??.??"]
[Round "?"]
[White "Berta, Krisztian"]
[Black "Galyas, Miklos"]
[Result "1/2-1/2"]
[WhiteElo "2225"]
[BlackElo "2310"]

1.d4 f5 2.g3 Nf6 3.Bg2 g6 4.Nf3 Bg7 5.O-O O-O 6.c4 d6 7.Nc3 Qe8 8.b3 Na6
9.Bb2 c6 10.Qc2 e5 11.dxe5 dxe5 12.Ba3 Rf7 13.e3 h6 14.Bd6 Nh7 15.Rad1 e4
16.Nd4 Be6 17.Nce2 Rd7 18.Ba3  1/2-1/2

[Event "HUN-chT2 9596"]
[Site "HUN"]
[Date "1995.??.??"]
[Round "4"]
[White "Kaman, Attila"]
[Black "Hajdu, Istvan"]
[Result "1-0"]
[WhiteElo "2185"]
[BlackElo "2135"]

1.Nf3 f5 2.d4 Nf6 3.g3 g6 4.Bg2 Bg7 5.O-O O-O 6.c4 d6 7.Nc3 Nc6 8.d5 Ne5
9.Nxe5 dxe5 10.e4 f4 11.h3 g5 12.g4 Bd7 13.b3 h5 14.f3 Kf7 15.c5 Rh8 16.d6 cxd6
17.cxd6 Qb6+ 18.Rf2 exd6 19.a4 Be6 20.a5 Qc6 21.Bb2 Rac8 22.Bf1 a6 23.Ra4 Rhd8
24.Rb4 d5 25.exd5 Nxd5 26.Nxd5 Rxd5 27.Qb1 Rxa5 28.gxh5 e4 29.Rxe4 Bxb2 30.Qxb2 Qc3
31.Qe2 Qxb3 32.h4 Rg8 33.Rg2 Ra2 34.Qxa2 Qxa2 35.Rxa2 Bxa2 36.Kf2 Bd5 37.Re5 Be6  1-0

[Event "HUN-chT1 9596"]
[Site "HUN"]
[Date "1995.??.??"]
[Round "6"]
[White "Szabo, Zsolt"]
[Black "Mathe, Gaspar"]
[Result "1/2-1/2"]
[WhiteElo "2350"]
[BlackElo "2415"]

1.d4 f5 2.g3 Nf6 3.Bg2 g6 4.Nf3 Bg7 5.O-O O-O 6.c4 d6 7.Nc3 Nc6 8.d5 Ne5
9.Nxe5 dxe5 10.e4 e6 11.Bg5 h6 12.Bxf6 Qxf6 13.c5 f4 14.f3 h5  1/2-1/2

[Event "ISL-chT"]
[Site "Island"]
[Date "1995.??.??"]
[Round "?"]
[White "Hjartarson, Johann"]
[Black "Halldorsson, Gudmundur"]
[Result "1-0"]
[WhiteElo "2570"]
[BlackElo "2285"]

1.c4 f5 2.Nf3 Nf6 3.g3 g6 4.Bg2 Bg7 5.O-O O-O 6.d4 d6 7.Nc3 Na6 8.d5 Qe8
9.Nd4 Nc5 10.b4 Nce4 11.Ncb5 Qd8 12.f3 a6 13.fxe4 axb5 14.exf5 bxc4 15.fxg6 hxg6
16.Qc2 Ng4 17.Bb2 Rxf1+ 18.Rxf1 Rxa2 19.Qxg6 Ne5 20.Qb1 Ra4 21.Bc3 Qe8 22.Nf5 Bf6
23.Bh3 Kh8 24.Qc1 Bxf5 25.Bxf5 Qh5 26.Bxe5 Bxe5 27.Qxc4 Ra1 28.Rxa1 Bxa1
29.Bd3 Bf6 30.Qe4 Kg7 31.b5 Kf8 32.Kg2 Qg5 33.Qe6 Kg7 34.h4 Qc1 35.Qg4+ Kf8
36.Qc8+ Kg7 37.b6 Bd4 38.Qg4+  1-0

[Event "Kuopio op1"]
[Site "Kuopio"]
[Date "1995.??.??"]
[Round "?"]
[White "Kilpi, Teemu"]
[Black "Pyhala, Antti"]
[Result "1/2-1/2"]
[WhiteElo "2270"]
[BlackElo "2350"]

1.d4 f5 2.g3 Nf6 3.Bg2 g6 4.Nf3 Bg7 5.O-O O-O 6.c4 d6 7.Nc3 Nc6 8.d5 Na5
9.Qd3 e5 10.dxe6 Bxe6 11.b3 Nc6 12.Bb2 Ne4 13.a3 d5 14.cxd5 Bxc3 15.Bxc3 Qxd5
16.Qxd5 Bxd5 17.Rfc1 a5 18.Rab1 Nxc3 19.Rxc3 Be4 20.Rbc1 Rfd8 21.e3 Rac8
22.Ng5 Bxg2 23.Kxg2 Rd2 24.R1c2 Rxc2 25.Rxc2 h6 26.Ne6 Kf7 27.Nc5 Nd8 28.f4 b6
29.Nd7 Ne6 30.Ne5+ Kf6 31.Rc6 Rd8 32.Nxg6 Rd6 33.Rxd6 cxd6 34.Nh4 Nc5 35.b4 axb4
36.axb4 Na6 37.Kf3 d5 38.h3 h5 39.g4 hxg4+ 40.hxg4 fxg4+ 41.Kxg4 Nxb4 42.Kf3 Ke6
43.e4 dxe4+ 44.Kxe4  1/2-1/2

[Event "Las Palmas op"]
[Site "Las Palmas"]
[Date "1995.??.??"]
[Round "7"]
[White "Komljenovic, Davor"]
[Black "Menvielle Lacourrelle, Augusto"]
[Result "1-0"]
[WhiteElo "2485"]
[BlackElo "2285"]

1.d4 f5 2.Nf3 Nf6 3.g3 g6 4.Bg2 Bg7 5.O-O O-O 6.c4 d6 7.Nc3 Qe8 8.d5 Na6
9.Rb1 c6 10.dxc6 bxc6 11.Nd4 Bd7 12.b4 Nxb4 13.Rxb4 c5 14.Nd5 Nxd5 15.Bxd5+ e6
16.Bxa8 Qxa8 17.Nxf5 gxf5 18.Rb3 d5 19.cxd5 exd5 20.Ba3 Rc8 21.Qb1 Qc6 22.Rb8 d4
23.Rxc8+ Bxc8 24.Qb8 c4 25.Bd6 c3 26.Rb1 h6 27.Be5 Bf8 28.Bxd4 c2 29.Rc1 Bb7
30.f3 Qc4 31.Qxb7 Qxd4+ 32.Kg2  1-0